Two Sides Of A Coin / (Record no. 167318)

MARC details
000 -LEADER
fixed length control field 00522nam a22001817a 4500
010 ## - LCCN (DPL NO)
LC control number ENG-126336
020 ## - INTERNATIONAL STANDARD BOOK NUMBER
International Standard Book Number 978-93-87004-06-1
Terms of availability 299.00
035 ## - SYSTEM CONTROL NUMBER
System control number EN-109868
037 ## - SOURCE OF ACQUISITION
Stock number DBAD/PUB
082 ## - DEWEY DECIMAL CLASSIFICATION NUMBER
Classification number N
100 ## - MAIN ENTRY--PERSONAL NAME
Personal name Joshi,Captain Jay
245 ## - TITLE STATEMENT
Title Two Sides Of A Coin /
Statement of responsibility, etc Joshi, Jay
260 ## - PUBLICATION, DISTRIBUTION, ETC. (IMPRINT)
Place of publication, distribution, etc Jodhpur
Name of publisher, distributor, etc Published By Quignog
270 ## - ADDRESS
Address Sanghi Brothers Station Road
City Jodhpur
Postal code 342001
Telephone number 9999871832
Electronic mail address sales@pirates.ind.in
300 ## - PHYSICAL DESCRIPTION
Extent 247p.
Other physical details 20cm.(pbk)
650 ## - SUBJECT ADDED ENTRY--TOPICAL TERM
Topical term or geographic name as entry element English Novel
942 ## - ADDED ENTRY ELEMENTS (KOHA)
Source of classification or shelving scheme Dewey Decimal Classification
Item type English Books
Classification part N
Call number suffix JOS
Holdings
Withdrawn status Lost status Not for loan Collection code Home library Current library Date acquired Source of acquisition Cost, normal purchase price Full call number Barcode Copy number Cost, replacement price Koha item type
      Fiction Ashok Vihar Ashok Vihar 28/08/2019 DBAD/PUB 299.00 N JOS EN-109868 1 299.00 English Books

© Delhi Public Library
Hit Counter
free hit counter